Ne každý vrah je zrůda / (Záznam č. 34160)
| 000 -Návěští | |
|---|---|
| Řídící pole kódované 24B | 02162nam a22004693i 4500 |
| 001 - Kontrolní číslo | |
| Řídící pole proměnné | 1419188 |
| 003 - Identifikátor kontrolního čísla | |
| Řídící pole proměnné | CZ PrSKC |
| 005 - Datum posledního zpracování | |
| Řídící pole 16B | 20260415085821.0 |
| 007 - Pole pevné délky pro fyzický popis | |
| Řídící pole kódované | ta |
| 008 - Údaje pevné délky | |
| Řídící pole kódované 40B | 260326s2026 xr ach e 000 0acze d |
| 020 ## - ISBN | |
| ISBN | 9788026770404 |
| 040 ## - Zdroj katalogizace-agentura | |
| Agentura původní katalogizace | CBA001 |
| Jazyk katalogizace | cze |
| Použitá pravidla popisu | rda |
| 072 #7 - Kód předmětové kategorie - Konspekt | |
| Předmětová kategorie | 343.9 |
| Zpřesnění předmětové kategorie | Kriminalistika |
| Zdroj předmětové klasifikace | Konspekt |
| 080 ## - MDT | |
| Klasifikační znak MDT | (0:82-96) |
| Idetifikátor vydání MDT | MRF |
| 080 ## - MDT | |
| Klasifikační znak MDT | (437.3) |
| Idetifikátor vydání MDT | MRF |
| 080 ## - MDT | |
| Klasifikační znak MDT | 343.132:351.74 |
| Idetifikátor vydání MDT | MRF |
| 080 ## - MDT | |
| Klasifikační znak MDT | 343.3/.7 |
| Idetifikátor vydání MDT | MRF |
| 080 ## - MDT | |
| Klasifikační znak MDT | 343.611 |
| Idetifikátor vydání MDT | MRF |
| 080 ## - MDT | |
| Klasifikační znak MDT | 343.9-051 |
| Idetifikátor vydání MDT | MRF |
| 080 ## - MDT | |
| Klasifikační znak MDT | (047.53) |
| Idetifikátor vydání MDT | MRF |
| 100 1# - Hlavní záhlaví - osobní jméno autora | |
| Osobní jméno | Lottes, Josef, |
| Datumy související se jménem | 1952- |
| Kód role | aut |
| 9 (RLIN) | 20622 |
| 245 10 - Údaje o názvu | |
| Název | Ne každý vrah je zrůda / |
| Údaj o odpovědností, atd. | Josef Lottes, Ivo Michalík |
| 250 ## - Údaje o vydání | |
| Označení vydání | Vydání druhé |
| 264 #1 - Nakladatelské údaje | |
| Místo vydání | Praha : |
| Nakladatel | XYZ, |
| Rok vydání | 2026 |
| 300 ## - Fyzický popis | |
| Rozsah | 185 stran : |
| další fyzické údaje | ilustrace, portréty, faksimile ; |
| Rozměry | 21 cm |
| 490 1# - Údaje o edici | |
| Údaje o edici | Skutečné zločiny |
| 500 ## - Všeobecná poznámka | |
| Text obecné poznámky | Obálkový podnázev: slavné případy velitele pražské mordparty |
| 520 3# - Anotace | |
| Anotace, atd. | Josef Lottes jméno, které je v podstatě synonymem moderní české kriminalistiky. Někdejší šéf pražské mordparty strávil v aktivní službě neuvěřitelných 44 let. Vedl vyšetřování případu spartakiádního vraha, orlických vražd a vinohradského řezníka. Jeho schopnost vniknout do mysli pachatelů a rozplétat kriminální sítě mu vynesla obdiv kolegů i veřejnosti. S charismatem sobě vlastním vás nyní zavede do zákulisí nejznámějších kriminálních kauz a ukáže vám reálnou podobu vyšetřovacích postupů. |
| Adresa elektronického zdroje | <a href="https://www.obalkyknih.cz/view?isbn=9788026770404">https://www.obalkyknih.cz/view?isbn=9788026770404</a> |
| 600 17 - Vedlejší věcné záhlaví - osobní jméno | |
| Osobní jméno | Lottes, Josef, |
| Datumy související se jménem | 1952- |
| Zdroj záhlaví nebo termínu | czenas |
| 9 (RLIN) | 20623 |
| 648 #7 - Vedlejší věcné záhlaví - chronologický termín | |
| Chronologický termín | 20.-21. století |
| Zdroj záhlaví nebo termínu | czenas |
| -- | 117 |
| 648 #7 - Vedlejší věcné záhlaví - chronologický termín | |
| Chronologický termín | 20. století |
| Zdroj záhlaví nebo termínu | czenas |
| -- | 145 |
| 650 07 - Vedlejší věcné záhlaví - věcné téma | |
| Věcné téma | kriminalisté |
| Geografické zpřesnění | Česko |
| Chronologické zpřesnění | 20.-21. století |
| Zdroj záhlaví nebo termínu | czenas |
| 9 (RLIN) | 20624 |
| 650 07 - Vedlejší věcné záhlaví - věcné téma | |
| Věcné téma | vraždy |
| Geografické zpřesnění | Česko |
| Chronologické zpřesnění | 20. století |
| Zdroj záhlaví nebo termínu | czenas |
| 9 (RLIN) | 19809 |
| 650 07 - Vedlejší věcné záhlaví - věcné téma | |
| Věcné téma | kriminální případy |
| Geografické zpřesnění | Česko |
| Chronologické zpřesnění | 20. století |
| Zdroj záhlaví nebo termínu | czenas |
| 9 (RLIN) | 5518 |
| 650 07 - Vedlejší věcné záhlaví - věcné téma | |
| Věcné téma | policejní vyšetřování |
| Geografické zpřesnění | Česko |
| Chronologické zpřesnění | 20. století |
| Zdroj záhlaví nebo termínu | czenas |
| 9 (RLIN) | 19812 |
| 655 #7 - Rejstříkový termín - žánr/forma | |
| Žánr/forma či základní termín | rozhovory |
| -- | 825 |
| 655 #7 - Rejstříkový termín - žánr/forma | |
| Žánr/forma či základní termín | literatura faktu |
| -- | 623 |
| 700 1# - Vedlejší záhlaví - osobní jméno autora | |
| Osobní jméno | Michalík, Ivo |
| Kód role | aut |
| 9 (RLIN) | 20625 |
| 710 2# - Vedlejší záhlaví - jméno korporativního autora | |
| Jméno korporace nebo jurisdikce | XYZ (nakladatelství) |
| Kód role | pbl |
| 9 (RLIN) | 20470 |
| 910 ## - Údaje o vlastníkovi jednotky (exempláře) | |
| Sigla vlastníka jednotky | ABG508 |
| Stav ztráty | Zdroj klasifikace pro skladování | Stav poškození |
|---|---|---|
| Universal Decimal Classification |